000 00493nam a22001817a 4500
005 20250710164439.0
008 250710b |||||||| |||| 00| 0 eng d
020 _a978-1-285-86750-2
050 _aHD 31 .W55 2016
100 _aWILLIS, CHUCK
245 _aMGMT 8: PRINCIPLES OF MANAGEMENT
250 _a8
260 _aBOSTON, MA
_bCENGAGE LEARNING
300 _aVII, 439P.:ILL
500 _aINCLUDES BIBLIOGRAPHICAL REFERENCES AND INDEX
650 _aMANAGEMENT
942 _2lcc
_cBK
999 _c215874
_d215874